000
00273nam a22001217a 4500
082
_a
291.4 VYA
100
_a
Vyas, R.N.
245
_a
Melody of Bhakti and Enlightenment
260
_a
New Delhi
_b
Cosmo Publications
_c
1983
300
_a
215
650
_a
Bhakti
942
_c
BK
999
_c
20306
_d
20306